Регионална библиотека "Любен Каравелов" - Русе

За литературното наследство на Христо Ботев (Запис номер 198315)

MARC детайли
000 -Лидер
Контролно поле с фиксирана дължина 02025nam a2200421 a 4500
003 - Код на организацията, давaща контролен номер
Контролно поле BLK
005 - Дата и час на последна редакция
Контролно поле 20250225005541.0
008 - Елементи от данни с фиксирана дължина
fixed length control field 180411b bul|||||r ||||||| ||bul||
010 ## - Наследен системен номер
LC control number KNG00207659000
040 ## - Източник на каталожния запис
Идентификатор на билиотеката - собственик на записа BLK
041 ## - Код за език
Код за езика на текст/звукозапис или на отделно заглавие Български
Код за езика КДБФ Български
072 #7 - Код за тематичната категория
Код организация bullib
Код за тематична категория А
Текст Фонд Михаил Арнаудов
072 #7 - Код за тематичната категория
Код организация bullib
Код за тематична категория Я
Текст Автографи
080 ## - УДК
Текстов определител УДК Българска литература
УДК код - определител по УДК 821.163.2
УДК определител (091)(092)
УДК - код + определител 821.163.2(091)(092)
080 ## - УДК
Текстов определител УДК Българска литература
УДК код - определител по УДК 821.163.2
УДК определител .09
УДК - код + определител 821.163.2.09
080 ## - УДК
Текстов определител УДК Христо Ботьов Петков, български национален герой, революционер, поет и публицист
УДК код - определител по УДК 929 Ботев, Христо
УДК - код + определител 929 Ботев, Христо
100 1# - Редна дума - Автор
Автор Димитров, Михаил
Авторска отговорност първи автор
Автор - информация (биография) Дафинкичев, Михаил Димитров
R(LIN) 378130
139 ## - Редно поле
Редна дума Димитров, Михаил
Авторски знак Ботев, Хр. - Б 70
245 10 - Сведения за заглавието
Заглавие За литературното наследство на Христо Ботев
Редно поле (дума) Михаил Димитров Дафинкичев
257 ## - Страна на издаване
Страна на създаване/издаване България
260 ## - Област на издателските данни
Място на издаване, разпространение и проч. София
Име на издателя, разпространителя и проч. книж. Нов свят
Година на издаване 1941
Печатница София : В. Иванов
300 ## - Физическа характеристика
Страници 62 с.
Размери/Мащаб 21 см
380 ## - Жанр
Жанр Худож. лит.
490 ## - СЕРИИ (Колекции)
9 (RLIN) 396381
Име на серия Частна колекция - Академик Михаил Арнаудов
№: серия Дарение- Онсовен фонд
500 ## - Общи забележки
Забележка Фонд Михаил Арнаудов - Автограф с текст На г. проф. Мих. Арнаудов спомен от М. Д. 20.ІІ. 1941. - Мека подв.
653 ## - Ключова дума – ненормативна
Ключова дума Христо Ботев
653 ## - Ключова дума – ненормативна
Ключова дума творчество
659 ## - Тематичен бюлетин
Тематичен бюлетин А
659 ## - Тематичен бюлетин
Тематичен бюлетин Я
700 1# - Други автори (авторска отговорност)
Лично име Дафинкичев, Михаил Димитров
Автороска отговорност (Описва отношението между автора и произведението) *
9 (RLIN) 343210
852 ## - Местоположение
Форматна сигнатура Цб 8.205.20854
Фондова буква Основен фонд - ползва се само за читалня
852 ## - Местоположение
Форматна сигнатура МА 2208
Фондова буква Фонд "Михаил Арнаудов"
856 4# - Електронен адрес и достъп
Електронен формат pdf - файл
856 4# - Електронен адрес и достъп
Електронен формат pdf - файл
999 ## - СИСТЕМНИ КОНТРОЛНИ НОМЕРА
Koha biblionumber 198315
Koha biblioitemnumber 198315
942 ## - АРТИКУЛИ
Вид на библиотечния материал Книги
Скрит в OPAC Не
Периодичен библиозапис Да
944 ## - СЪЗДАВАНЕ И РЕДАКЦИЯ на ЗАПИСА
Създаване/Редакция Създаване
Дата на регистрацията/редакция 08.06.2017
Служител, извършил регистрацията/редакцията
Статус, дата на статуса CRON CRON
944 ## - СЪЗДАВАНЕ И РЕДАКЦИЯ на ЗАПИСА
Създаване/Редакция Редакция
Дата на регистрацията/редакция 2021-08-05
Служител, извършил регистрацията/редакцията К.Д.
Наличности
Код за отписване Код за изгубен артикул Източник на класификационната схема Код за повреда Коз за рестрикции Код за отдаване Артикулен № Име на библиотеката - собственик Име на библиотеката, в която се намира в момента Статус (Текущо местоположение) Дата на вписване в системата Местоположение - отдел Цена в лева Инвентарен номер Систематично азбучна сигнатура Баркод Номер на екземпляра Цена в евро Служебна бележка Служебен тип на артикула Номерация (Хронология)
  Не е изгубен Universal Decimal Classification Не е повреден само за читалня ползва се в читалня 344900 Регионална библиотека "Любен Каравелов" Русе Регионална библиотека "Любен Каравелов" Русе Хранилище 1941-01-01 Основен фонд - ползва се само за читалня 0.06 20854-б Цб 8.205.20854 900000072639 1 0.03 N: стар фонд Дата: 01.01.1941 Книги  
  Не е изгубен Universal Decimal Classification Не е повреден само за читалня Специални фондове ( старопечатни, редки и ценни, фонд М. Арнаудов) 344901 Регионална библиотека "Любен Каравелов" Русе Регионална библиотека "Любен Каравелов" Русе Фонд "Михаил Арнаудов" 1973-01-01 Фонд "Михаил Арнаудов" 10.00 590553 МА 2208 120000590553 2 5.11 Дост: DA Вид: А N: стар фонд Дата: 01.01.1973 Книги Автограф: Михаил Димитров
Vip Innovations Ltd, Rousse, Bulgaria 2025